Padma paraga: (Record no. 145895)

MARC details
000 -LEADER
fixed length control field 00526nam a2200181Ia 4500
003 - CONTROL NUMBER IDENTIFIER
control field OSt
005 - DATE AND TIME OF LATEST TRANSACTION
control field 20260110120026.0
008 - FIXED-LENGTH DATA ELEMENTS--GENERAL INFORMATION
fixed length control field 210210b1949 xxu||||| |||| 00| 0 eng d
040 ## - CATALOGING SOURCE
Transcribing agency AL
041 ## - LANGUAGE CODE
Language code of text/sound track or separate title Kannada
082 ## - DEWEY DECIMAL CLASSIFICATION NUMBER
Classification number 859/1050
100 ## - MAIN ENTRY--PERSONAL NAME
Personal name PADMANABHA SOMAYAJI (B)
9 (RLIN) 145863
Dates associated with a name ಪದ್ಮನಾಭ ಸೋಮಯಾಜಿ (ಬಿ)
245 ## - TITLE STATEMENT
Title Padma paraga:
Remainder of title ಪದ್ಮ ಪರಾಗ
260 ## - PUBLICATION, DISTRIBUTION, ETC.
Place of publication, distribution, etc. Kotekar
Name of publisher, distributor, etc. Sahityanjali Granthamale
Date of publication, distribution, etc. 1949
690 ## - LOCAL SUBJECT ADDED ENTRY--TOPICAL TERM (OCLC, RLIN)
Topical term or geographic name as entry element Kannada Fiction
9 (RLIN) 145864
906 ## - LOCAL DATA ELEMENT F, LDF (RLIN)
a 021796
942 ## - ADDED ENTRY ELEMENTS (KOHA)
Source of classification or shelving scheme Dewey Decimal Classification
Koha item type Book
Holdings
Withdrawn status Lost status Source of classification or shelving scheme Damaged status Not for loan Collection code Home library Current library Shelving location Date acquired Cost, normal purchase price Total Checkouts Full call number Barcode Date last seen Price effective from Koha item type
    Dewey Decimal Classification     Kannada St Aloysius Library St Aloysius Library   02/17/2021 0.00   859/1050 021796 02/17/2021 02/17/2021 Book